00570nam a2200181Ia 4500008004100000020001500041041001200056082001100068100001600079245004700095250000800142260003100150300000800181650000800189942000700197999001500204952016900219221030s9999 xx 000 0 und d a8188114723 aEnglish a105.23 aR. S. Tomar 0aAnalog Integrated Circuitscby R. S. Tomar a2nd bUmesh PubaNew Delhic2007 a462 aECE cBK c3070d3070 pBE 9118g165.00l0o105.23 r2024-06-13 00:00:00w2022-10-30yBK003Print4070aMIETLIBbMIETLIBcBL-Academic Block- A, FL-1, CUP-12, SH-4, R-4d2007-12-2810HBE